000 00641nam a2200253Ia 4500
003 OSt
005 20221007095104.0
006 a|||||r|||| 00| 0
007 ta
008 221006b |||||||| |||| 00| 0 eng d
020 _a0421292806
024 _a840
037 _cTextual
040 _aLCO
_cLCO
_beng
041 _2eng
_aeng
082 _aZ1, M3
100 _aHarris D.J.
_9346946
245 0 _aCases and materials on International Law
260 _aLondon
_bSweet & Maxwell U.K.
_c1983
300 _a810
650 _aINTERNATIONAL LAW
942 _hZ1, M3
_cTEXL
999 _c1170403
_d1170403